000 00429nam a2200181Ia 4500
005 20240823043325.0
008 240823s9999||||xx |||||||||||||| ||und||
041 _aENGLISH
082 _A005.133 P8
100 _aSuresh J
245 0 _aVisual Programming
250 _a1st
260 _c2008
_bMagnus Publica
500 _aTRANSFERED
650 _aProgramming
_bComputer Science
700 _a Mirunalini P
942 _cBK
999 _c209971
_d209971